[Event "XLVII Festival A"]
[Site "Imperia ITA"]
[Date "2005.09.01"]
[Round "6"]
[White "Stoppa, Omar"]
[Black "Cichy, Miroslav"]
[WhiteElo "2214"]
[BlackElo "2096"]
[Result "1/2-1/2"]
[PlyCount "67"]
[EventDate "2005.08.28"]

1. e4 c5 2. Nf3 Nf6 3. Nc3 Nc6 4. d4 cxd4 5. Nxd4 e5 6. Nf5 d5 7. exd5 Bxf5 8.
dxc6 Qxd1+ 9. Nxd1 bxc6 10. Ne3 Be6 11. Bc4 Nd5 12. Bb3 Bc5 13. O-O Nxe3 14.
Bxe3 Bxe3 15. fxe3 Ke7 16. Bxe6 Kxe6 17. Rad1 Rhd8 18. Kf2 f5 19. Ke2 g6 20. c4
c5 21. h3 Rab8 22. Rxd8 Rxd8 23. Rd1 Rxd1 24. Kxd1 e4 25. Kd2 g5 26. Ke2 h5 27.
g4 fxg4 28. hxg4 h4 29. a3 Kd6 30. Kf2 Kc6 31. b3 Kb6 32. Kg2 a6 33. Kf2 a5 34.
a4 1/2-1/2

[Event "XLVII Festival A"]
[Site "Imperia ITA"]
[Date "2005.09.01"]
[Round "6"]
[White "Zakoucka, Adela"]
[Black "Malano, Francesco"]
[WhiteElo "2031"]
[BlackElo "2034"]
[Result "1-0"]
[PlyCount "65"]
[EventDate "2005.08.28"]

1. e4 d6 2. d4 Nf6 3. Nf3 Nxe4 4. Bd3 Nf6 5. O-O g6 6. Re1 Bg7 7. Bg5 O-O 8.
Qd2 Re8 9. h4 c6 10. Bxf6 Bxf6 11. h5 Nd7 12. hxg6 hxg6 13. Nc3 Nf8 14. Ne4 Bg7
15. g3 Bg4 16. Be2 Qd7 17. Rad1 Rad8 18. Qf4 Qf5 19. Qe3 d5 20. Nc5 Qc8 21. Qf4
Bxf3 22. Qxf3 e5 23. dxe5 Rxe5 24. Nd3 Re7 25. Bf1 Rde8 26. c3 Rxe1 27. Rxe1
Rxe1 28. Nxe1 Nh7 29. Qe3 a6 30. Nd3 Nf6 31. Nc5 Nd7 32. Bh3 d4 33. cxd4 1-0

[Event "XLVII Festival A"]
[Site "Imperia ITA"]
[Date "2005.09.02"]
[Round "7"]
[White "Astengo, Marcello"]
[Black "Zakoucka, Adela"]
[WhiteElo "2096"]
[BlackElo "2031"]
[Result "1-0"]
[PlyCount "125"]
[EventDate "2005.08.28"]

1. d4 Nf6 2. c4 g6 3. Nc3 Bg7 4. e4 d6 5. f3 O-O 6. Be3 Nc6 7. Nge2 e5 8. d5
Ne7 9. Ng3 Ne8 10. Bd3 f5 11. exf5 gxf5 12. f4 Ng6 13. O-O e4 14. Bc2 Nf6 15.
Kh1 Ng4 16. Bg1 Qh4 17. Nb5 Rf7 18. Nd4 Nf8 19. Bb3 Rf6 20. Qe1 Kh8 21. h3 Bd7
22. Ngxf5 Qxe1 23. Raxe1 Bxf5 24. Nxf5 Rxf5 25. hxg4 Rf7 26. Rxe4 Bxb2 27. Ba4
Bg7 28. Be8 Rxe8 29. Rxe8 h6 30. g3 Kh7 31. Rfe1 Bf6 32. Bxa7 Nd7 33. R1e6 b6
34. Bb8 Nc5 35. Re2 Rg7 36. Rf8 Nd7 37. Rc8 Nxb8 38. Rxb8 Rxg4 39. Kg2 Rg7 40.
Rc8 h5 41. Kf3 Bc3 42. Rh2 Re7 43. Rxh5+ Kg6 44. Rg5+ Kf7 45. Kg4 Bf6 46. Rh5
Kg6 47. Rh2 Kg7 48. Kf3 Bd4 49. Rd2 Bc3 50. Re2 Rf7 51. Ree8 Kg6 52. Rb8 Bd4
53. Rb7 Kh5 54. g4+ Kg6 55. Ke4 Ba1 56. Rg8+ Kh7 57. Rc8 Re7+ 58. Kf3 Kg6 59.
Rcxc7 Re1 60. Rxb6 Rf1+ 61. Ke4 Re1+ 62. Kd3 Rd1+ 63. Ke2 1-0

[Event "XLVII Festival A"]
[Site "Imperia ITA"]
[Date "2005.09.02"]
[Round "7"]
[White "Cichy, Miroslav"]
[Black "Haba, Zdenek"]
[WhiteElo "2096"]
[BlackElo "2277"]
[Result "1/2-1/2"]
[PlyCount "32"]
[EventDate "2005.08.28"]

1. e4 c5 2. f4 g6 3. Nf3 Bg7 4. c3 d5 5. Bb5+ Bd7 6. Bxd7+ Qxd7 7. e5 Nh6 8. d4
cxd4 9. Nxd4 O-O 10. O-O Nc6 11. Na3 Nxd4 12. Qxd4 f6 13. exf6 Bxf6 14. Qd3 Qf5
15. Rd1 e6 16. Be3 Qxd3 1/2-1/2

[Event "XLVII Festival A"]
[Site "Imperia ITA"]
[Date "2005.09.02"]
[Round "7"]
[White "De Marco, Walter"]
[Black "Spatola, Davide"]
[WhiteElo "2055"]
[BlackElo "2102"]
[Result "0-1"]
[PlyCount "94"]
[EventDate "2005.08.28"]

1. Nf3 g6 2. d3 Bg7 3. c3 d6 4. g3 c5 5. Bg2 Nc6 6. O-O Nf6 7. Na3 O-O 8. Nc2
a5 9. Bd2 Ne8 10. Qc1 Nc7 11. Bh6 e5 12. Bxg7 Kxg7 13. e4 f5 14. Qd2 h6 15.
Rad1 Qf6 16. Ne3 f4 17. Nc4 g5 18. Nb6 Rb8 19. Nxc8 Rbxc8 20. d4 cxd4 21. cxd4
g4 22. dxe5 dxe5 23. Qd7+ Kh8 24. Qxg4 Ne6 25. Rd6 Ncd8 26. Bh3 Rc6 27. Rxc6
bxc6 28. Qh5 Nd4 29. Nxd4 exd4 30. Qxa5 Re8 31. Qf5 Qxf5 32. Bxf5 f3 33. Rd1 c5
34. Rd3 Nf7 35. Bg6 Kg7 36. Bxf7 Kxf7 37. Rxf3+ Kg6 38. Rf4 Ra8 39. e5 Rxa2 40.
e6 Rxb2 41. e7 Re2 42. Rf8 Rxe7 43. Rc8 Re1+ 44. Kg2 d3 45. Rd8 c4 46. f4 c3
47. Kf2 d2 0-1

[Event "XLVII Festival A"]
[Site "Imperia ITA"]
[Date "2005.09.02"]
[Round "7"]
[White "Faraci, Antonino"]
[Black "Feistenauer, Harald"]
[WhiteElo "2067"]
[BlackElo "2100"]
[Result "1/2-1/2"]
[PlyCount "45"]
[EventDate "2005.08.28"]

1. e4 Nf6 2. d3 e6 3. Bg5 Be7 4. Nd2 d5 5. e5 Nfd7 6. Bxe7 Qxe7 7. f4 c5 8.
Ngf3 Nc6 9. g3 b5 10. Bg2 Nb6 11. O-O Bb7 12. b3 Rc8 13. Qe2 Ba6 14. c3 c4 15.
d4 b4 16. Rac1 Qb7 17. cxb4 Nxb4 18. bxc4 Nxc4 19. Nxc4 Rxc4 20. Qb2 Rxc1 21.
Rxc1 O-O 22. Rb1 Rb8 23. a3 1/2-1/2

[Event "XLVII Festival A"]
[Site "Imperia ITA"]
[Date "2005.09.02"]
[Round "7"]
[White "Lacrosse, Marc"]
[Black "Tasic, Branislav"]
[WhiteElo "2242"]
[BlackElo "2245"]
[Result "1-0"]
[PlyCount "79"]
[EventDate "2005.08.28"]

1. d4 Nf6 2. c4 g6 3. Nc3 Bg7 4. e4 d6 5. Nf3 O-O 6. Be2 e5 7. Be3 Ng4 8. Bg5
f6 9. Bc1 Qe8 10. h3 Nh6 11. O-O Nf7 12. Be3 Na6 13. Rb1 f5 14. dxe5 dxe5 15.
b4 fxe4 16. Nxe4 Bf5 17. Nfd2 Nd6 18. Bf3 Rd8 19. Qb3 Kh8 20. b5 Nb8 21. Bxa7
b6 22. c5 Nxe4 23. Nxe4 Rd4 24. cxb6 cxb6 25. Bxb8 Qxb8 26. Rbe1 Qd8 27. Rd1
Qd7 28. a4 h6 29. Ng3 Rd8 30. Bc6 Qe7 31. Rfe1 Rxd1 32. Rxd1 Rd4 33. Rxd4 exd4
34. Nxf5 gxf5 35. Qf3 Qc5 36. g3 Qc1+ 37. Kg2 Qc2 38. Bd7 Qc4 39. Bxf5 Qxa4 40.
Qd5 1-0

[Event "XLVII Festival A"]
[Site "Imperia ITA"]
[Date "2005.09.02"]
[Round "7"]
[White "Likavsky, Tomas"]
[Black "Cugini, Verter"]
[WhiteElo "2493"]
[BlackElo "2210"]
[Result "1-0"]
[PlyCount "47"]
[EventDate "2005.08.28"]

1. d4 c5 2. d5 b5 3. e4 Qa5+ 4. Bd2 b4 5. Na3 Ba6 6. Nc4 Qc7 7. f4 e6 8. Qf3
exd5 9. exd5 Bd6 10. Nh3 Ne7 11. O-O-O Bb7 12. Be1 f6 13. f5 O-O 14. Nxd6 Qxd6
15. Bc4 Kh8 16. Bg3 Qb6 17. Rhe1 Ng8 18. Nf4 Ba6 19. Qh5 Nh6 20. Re8 Rxe8 21.
Qxe8+ Ng8 22. Nh5 g6 23. fxg6 hxg6 24. Qxg6 1-0

[Event "XLVII Festival A"]
[Site "Imperia ITA"]
[Date "2005.09.02"]
[Round "7"]
[White "Malano, Francesco"]
[Black "Carzolio, Luigi"]
[WhiteElo "2034"]
[BlackElo "2034"]
[Result "1-0"]
[PlyCount "43"]
[EventDate "2005.08.28"]

1. Nf3 Nc6 2. g3 d5 3. Bg2 Bg4 4. O-O e6 5. c4 Nf6 6. h3 Bxf3 7. Bxf3 Ne5 8.
Qb3 Nxc4 9. Qxb7 Be7 10. d3 Nd6 11. Qc6+ Nd7 12. Bd2 O-O 13. Qc2 Rb8 14. Nc3
Nf5 15. Bg2 c6 16. Rae1 Bd6 17. e4 Nd4 18. Qc1 Nc5 19. Re3 Qb6 20. e5 Be7 21.
b3 Qa5 22. Nxd5 1-0

[Event "XLVII Festival A"]
[Site "Imperia ITA"]
[Date "2005.09.02"]
[Round "7"]
[White "Mercandelli, Claudio"]
[Black "Puobis, Jozef"]
[WhiteElo "2105"]
[BlackElo "2051"]
[Result "0-1"]
[PlyCount "74"]
[EventDate "2005.08.28"]

1. c4 e6 2. g3 d5 3. Bg2 Nf6 4. Nf3 Nbd7 5. O-O c6 6. b3 g6 7. Ba3 Bxa3 8. Nxa3
O-O 9. d3 Qe7 10. Nc2 e5 11. Qd2 Kg7 12. b4 Re8 13. Qc3 Nb6 14. a4 Bg4 15. a5
Nbd7 16. a6 b6 17. Nd2 Qe6 18. Rfe1 Rac8 19. d4 dxc4 20. Nxc4 Nd5 21. Qb2 b5
22. N4e3 Nxe3 23. Nxe3 h5 24. dxe5 Qxe5 25. Qxe5+ Nxe5 26. Rac1 Be6 27. f4 Nc4
28. Nxc4 Bxc4 29. e4 c5 30. Bh3 Rc7 31. bxc5 Rxc5 32. Rcd1 Re7 33. Rb1 Bd3 34.
Rb4 f5 35. e5 Rc6 36. Ra1 Rec7 37. Bf1 Rc1 0-1

[Event "XLVII Festival A"]
[Site "Imperia ITA"]
[Date "2005.09.02"]
[Round "7"]
[White "Pepino, Enrico"]
[Black "Kantorik, Marian"]
[WhiteElo "2149"]
[BlackElo "2342"]
[Result "0-1"]
[PlyCount "56"]
[EventDate "2005.08.28"]

1. e4 g6 2. d4 Bg7 3. Nc3 c6 4. f4 d6 5. Nf3 Nf6 6. Bd3 O-O 7. e5 Ne8 8. h4 Bg4
9. h5 Nc7 10. hxg6 fxg6 11. Bd2 Nd7 12. Qe2 Ne6 13. Qf2 Nxf4 14. Bxf4 Rxf4 15.
Qh4 Nf8 16. Ne2 Rxf3 17. gxf3 Bxf3 18. Rh3 Bxe2 19. Kxe2 dxe5 20. Rf1 Bf6 21.
Rxf6 exf6 22. Bxg6 hxg6 23. Qh8+ Kf7 24. dxe5 Qe7 25. Re3 f5 26. e6+ Ke8 27.
Qd4 Rd8 28. Qxa7 Nxe6 0-1

[Event "XLVII Festival A"]
[Site "Imperia ITA"]
[Date "2005.09.02"]
[Round "7"]
[White "Simek, Jiri"]
[Black "Sarmir, Milos"]
[WhiteElo "2193"]
[BlackElo "2154"]
[Result "0-1"]
[PlyCount "102"]
[EventDate "2005.08.28"]

1. e4 d6 2. d4 g6 3. Nc3 Bg7 4. Bg5 c6 5. Qd2 Nd7 6. Nf3 Qc7 7. Be2 Ngf6 8. Bh6
O-O 9. Bxg7 Kxg7 10. h4 e5 11. O-O-O b5 12. dxe5 dxe5 13. Bd3 Nc5 14. Qe3 Nxd3+
15. Rxd3 b4 16. Na4 Ba6 17. Rd2 Bb5 18. Nc5 Qe7 19. Nb3 Rfe8 20. Rhd1 a5 21.
Rd6 a4 22. Nc5 Nd5 23. R6xd5 cxd5 24. exd5 b3 25. cxb3 axb3 26. a3 Rac8 27. d6
Qe6 28. Kb1 Qf5+ 29. Ka1 e4 30. d7 exf3 31. dxc8=Q Rxc8 32. Nxb3 fxg2 33. f3
Re8 34. Qd4+ Qe5 35. Qxe5+ Rxe5 36. Rg1 Bf1 37. Nd2 Re1+ 38. Nb1 Re3 39. b4
Rxf3 40. Kb2 Rh3 41. Nd2 Rh1 42. Nf3 Rxg1 43. Nxg1 Kf6 44. Kc3 Ke5 45. a4 Kd5
46. Nf3 h6 47. Kd2 Ke4 48. Ng1 g5 49. hxg5 hxg5 50. b5 g4 51. b6 Ba6 0-1

[Event "XLVII Festival A"]
[Site "Imperia ITA"]
[Date "2005.09.02"]
[Round "7"]
[White "Spirek, Adam"]
[Black "Birens, Eric-Andre'"]
[WhiteElo "2050"]
[BlackElo "2104"]
[Result "0-1"]
[PlyCount "46"]
[EventDate "2005.08.28"]

1. e4 c5 2. Nf3 d6 3. Bb5+ Nd7 4. d4 cxd4 5. Qxd4 e5 6. Qa4 h6 7. O-O Ngf6 8.
Rd1 Be7 9. Be3 O-O 10. Nc3 Ng4 11. Bxa7 Nc5 12. Qa3 f5 13. b4 Nxe4 14. Nxe4
fxe4 15. h3 exf3 16. hxg4 Bxg4 17. Qb3+ Kh7 18. Be3 Qc7 19. Bc4 fxg2 20. Rd3 e4
21. Rc3 Qd8 22. a4 Bf6 23. a5 Bxc3 0-1

[Event "XLVII Festival A"]
[Site "Imperia ITA"]
[Date "2005.09.02"]
[Round "7"]
[White "Sulava, Nenad"]
[Black "Barlocco, Carlo"]
[WhiteElo "2485"]
[BlackElo "2235"]
[Result "1-0"]
[PlyCount "43"]
[EventDate "2005.08.28"]

1. c4 Nf6 2. Nc3 e6 3. Nf3 Nc6 4. g3 Bb4 5. Bg2 O-O 6. O-O Bxc3 7. bxc3 e5 8.
d3 d5 9. Ba3 Re8 10. cxd5 Nxd5 11. Qc2 b6 12. Rad1 Bb7 13. e4 Nf6 14. Nh4 Na5
15. Nf5 g6 16. Ne3 c5 17. f4 Nc6 18. Bc1 Kg7 19. Qf2 Qe7 20. Nd5 Nxd5 21. exd5
Nd8 22. fxe5 1-0

[Event "XLVII Festival A"]
[Site "Imperia ITA"]
[Date "2005.09.02"]
[Round "7"]
[White "Van Hoolandt, Patrick"]
[Black "Del Dotto, Riccardo"]
[WhiteElo "2191"]
[BlackElo "2127"]
[Result "1-0"]
[PlyCount "89"]
[EventDate "2005.08.28"]

1. d4 d5 2. c4 c6 3. cxd5 cxd5 4. Nf3 Nc6 5. Nc3 Nf6 6. Bf4 a6 7. Rc1 Bf5 8. e3
Rc8 9. Be2 e6 10. O-O Bd6 11. Bxd6 Qxd6 12. Na4 O-O 13. Nc5 Rc7 14. a3 Bg4 15.
b4 Bxf3 16. Bxf3 Rfc8 17. g3 Na7 18. Qd2 Qe7 19. a4 Ne8 20. Be2 Nd6 21. Bd3 Rc6
22. Rb1 b5 23. Qe2 Nc4 24. e4 Re8 25. Rfe1 Rd6 26. exd5 Nb6 27. dxe6 fxe6 28.
axb5 Rxd4 29. Qa2 Rd6 30. bxa6 Kh8 31. Qe2 e5 32. f4 Qf7 33. fxe5 Rh6 34. e6
Qf6 35. Qe5 Qf3 36. Rf1 Qc6 37. e7 Rf6 38. Rxf6 gxf6 39. Qh5 Rxe7 40. Rf1 Qd6
41. Qh6 Nd7 42. Nxd7 Rxd7 43. Rxf6 Qd4+ 44. Kg2 Qd5+ 45. Kh3 1-0

[Event "XLVII Festival A"]
[Site "Imperia ITA"]
[Date "2005.09.02"]
[Round "7"]
[White "Vozza, Nicola"]
[Black "De Vita, Igor"]
[WhiteElo "2005"]
[BlackElo "2157"]
[Result "1-0"]
[PlyCount "122"]
[EventDate "2005.08.28"]

1. d4 d6 2. e4 Nf6 3. Nc3 c6 4. Nf3 Qa5 5. Bd3 Bg4 6. h3 Bh5 7. Be3 e5 8. Qd2
Nbd7 9. a3 Bxf3 10. gxf3 Nh5 11. Ne2 Qd8 12. Ng3 Ndf6 13. O-O-O b5 14. d5 a6
15. dxc6 Qc7 16. Nxh5 Nxh5 17. Be2 Qxc6 18. Qd5 Rc8 19. Qxc6+ Rxc6 20. Bd2 Be7
21. Rhg1 O-O 22. Kb1 Rfc8 23. c3 g6 24. Rc1 Kf8 25. Rc2 Nf6 26. Rd1 Nd7 27. Ka2
Nb6 28. f4 Bh4 29. Be3 Na4 30. Bg4 Rd8 31. Rcd2 h5 32. Bf3 Bf6 33. f5 Ke7 34.
Rg1 gxf5 35. exf5 Rc4 36. Bxh5 d5 37. Be2 Re4 38. Bf3 Rxe3 39. fxe3 e4 40. Bg4
Kd6 41. Rh1 Bg5 42. Re1 Nc5 43. Ree2 Ke5 44. Rd1 Nd7 45. b3 Nb6 46. Rg1 Rh8 47.
Rf1 f6 48. Rh1 a5 49. Rf1 a4 50. Rfe1 Ra8 51. h4 Bxh4 52. Rh1 Bg5 53. Rh7 axb3+
54. Kxb3 Nc4 55. Kb4 Kd6 56. Rf7 Rxa3 57. Rh2 Ra1 58. Kxb5 Rb1+ 59. Ka4 Nxe3
60. Bh3 Nc4 61. Bg4 Ne5 1-0

[Event "XLVII Festival A"]
[Site "Imperia ITA"]
[Date "2005.09.03"]
[Round "8"]
[White "Biolek, Richard jr"]
[Black "Jurek, Josef"]
[WhiteElo "2155"]
[BlackElo "2381"]
[Result "1/2-1/2"]
[PlyCount "47"]
[EventDate "2005.08.28"]

1. e4 e6 2. d4 d5 3. Nc3 Bb4 4. e5 c5 5. a3 Bxc3+ 6. bxc3 Ne7 7. h4 Qc7 8. Nf3
Nbc6 9. h5 h6 10. Be2 Bd7 11. O-O O-O 12. Nh4 Nf5 13. Nxf5 exf5 14. Bf3 Be6 15.
a4 b6 16. Qd2 Rac8 17. Be2 Na5 18. Bd3 Rfd8 19. Qf4 Qd7 20. Bb5 Qe7 21. Bd3 Qd7
22. Bb5 Qc7 23. Bd3 Qd7 24. Bb5 1/2-1/2

[Event "XLVII Festival A"]
[Site "Imperia ITA"]
[Date "2005.09.03"]
[Round "8"]
[White "Birens, Eric-Andre'"]
[Black "Faraci, Antonino"]
[WhiteElo "2104"]
[BlackElo "2067"]
[Result "1-0"]
[PlyCount "75"]
[EventDate "2005.08.28"]

1. d4 c5 2. d5 e6 3. c4 exd5 4. cxd5 d6 5. Nc3 Nf6 6. e4 Be7 7. Be2 O-O 8. h3
Na6 9. Nf3 Nc7 10. a4 b6 11. O-O a6 12. Bf4 Bb7 13. Qc2 Nd7 14. Rfd1 f6 15. Bg3
Rf7 16. Nh4 Bf8 17. Nf5 Ne8 18. f4 g6 19. Nh4 Bg7 20. Bg4 Nf8 21. Nf3 Re7 22.
h4 Bc8 23. Bxc8 Qxc8 24. f5 Raa7 25. Ne2 Bh6 26. Bf4 Bxf4 27. Nxf4 gxf5 28.
exf5 Qb7 29. Ne6 Nxe6 30. fxe6 Rg7 31. h5 Rg4 32. h6 Rg6 33. Qd2 Qe7 34. Nh4
Rg5 35. Qf4 Re5 36. Ra3 Kh8 37. Nf5 Qb7 38. Nxd6 1-0

[Event "XLVII Festival A"]
[Site "Imperia ITA"]
[Date "2005.09.03"]
[Round "8"]
[White "Cugini, Verter"]
[Black "Barlocco, Carlo"]
[WhiteElo "2210"]
[BlackElo "2235"]
[Result "1/2-1/2"]
[PlyCount "42"]
[EventDate "2005.08.28"]

1. e4 b6 2. g3 Bb7 3. Bg2 f5 4. d3 Nf6 5. Nc3 g6 6. Nge2 Bg7 7. O-O fxe4 8.
dxe4 e5 9. f4 Nc6 10. f5 Qe7 11. h3 O-O-O 12. Bg5 gxf5 13. Rxf5 Rdf8 14. Nd5
Qc5+ 15. Be3 Qd6 16. Nxf6 Qxd1+ 17. Rxd1 Rxf6 18. Rxf6 Bxf6 19. Rf1 Be7 20. Rf7
Bc5 21. Kf2 Rf8 1/2-1/2

[Event "XLVII Festival A"]
[Site "Imperia ITA"]
[Date "2005.09.03"]
[Round "8"]
[White "Del Dotto, Riccardo"]
[Black "Astengo, Marcello"]
[WhiteElo "2127"]
[BlackElo "2096"]
[Result "1-0"]
[PlyCount "63"]
[EventDate "2005.08.28"]

1. e4 e6 2. d3 d5 3. Qe2 Ne7 4. Nf3 c5 5. g3 Nbc6 6. Bg2 g6 7. O-O Bg7 8. c3
O-O 9. e5 b6 10. Re1 Ba6 11. Bf4 Rc8 12. Nbd2 Nf5 13. h4 Qc7 14. Nf1 b5 15. g4
Nfe7 16. Qd2 d4 17. Ng3 dxc3 18. bxc3 b4 19. c4 Rfd8 20. Ne4 Bxc4 21. Nf6+ Kh8
22. Ng5 Ng8 23. Bxc6 Rxd3 24. Qb2 Nh6 25. Be4 Bxf6 26. Bxd3 Bxd3 27. Qd2 Bg7
28. Qxd3 Nxg4 29. Qd6 Qa5 30. Nxf7+ Kg8 31. Qxe6 Rf8 32. Nh6+ 1-0

[Event "XLVII Festival A"]
[Site "Imperia ITA"]
[Date "2005.09.03"]
[Round "8"]
[White "Dunis, Aurelien"]
[Black "Ermenkov, Evgenij P."]
[WhiteElo "2485"]
[BlackElo "2478"]
[Result "1-0"]
[PlyCount "103"]
[EventDate "2005.08.28"]

1. d4 Nf6 2. c4 g6 3. Nc3 Bg7 4. e4 d6 5. Nf3 O-O 6. Be2 c5 7. O-O Nc6 8. d5
Na5 9. Bg5 h6 10. Bd2 e5 11. Ne1 Bd7 12. Qc2 b6 13. g3 Qc7 14. Ng2 Rae8 15. Kh1
Qd8 16. Ne3 Kh7 17. Nb5 Qb8 18. f3 Ng8 19. Bd3 Ne7 20. Rf2 Nb7 21. Rg1 Kh8 22.
f4 a6 23. Nc3 f5 24. fxe5 fxe4 25. Rxf8+ Rxf8 26. Bxe4 Bxe5 27. Bxg6 Nxg6 28.
Qxg6 Rf6 29. Qh5 Qg8 30. Ne4 Rf7 31. Rf1 Rxf1+ 32. Nxf1 Bxb2 33. Bxh6 Qg4 34.
Bc1+ Qxh5 35. Bxb2+ Kh7 36. Nf6+ Kg6 37. Nxh5 Kxh5 38. Ne3 b5 39. Kg2 Na5 40.
cxb5 axb5 41. Kf3 Kg6 42. h4 b4 43. g4 Bb5 44. h5+ Kh7 45. g5 Bd3 46. Kg4 c4
47. Bf6 c3 48. Nf5 Kg8 49. g6 Kf8 50. h6 c2 51. h7 c1=B 52. h8=R# 1-0

[Event "XLVII Festival A"]
[Site "Imperia ITA"]
[Date "2005.09.03"]
[Round "8"]
[White "Feistenauer, Harald"]
[Black "Simek, Jiri"]
[WhiteElo "2100"]
[BlackElo "2193"]
[Result "1/2-1/2"]
[PlyCount "83"]
[EventDate "2005.08.28"]

1. c4 e5 2. Nc3 Nf6 3. g3 Bb4 4. Bg2 O-O 5. Qc2 Re8 6. Ne4 Bf8 7. Nxf6+ Qxf6 8.
d3 Nc6 9. Nf3 Bb4+ 10. Bd2 d6 11. O-O Bxd2 12. Nxd2 Qh6 13. Nb3 Bh3 14. Qd2 Qh5
15. Rae1 f5 16. e4 f4 17. f3 fxg3 18. hxg3 Rf8 19. Bxh3 Qxh3 20. Qh2 Qd7 21.
Kg2 Rf6 22. Rh1 Rh6 23. Qg1 Rxh1 24. Qxh1 Rf8 25. Re3 Qf7 26. Qd1 Qf6 27. Re1
a5 28. Rf1 g6 29. Nc1 h5 30. Ne2 Kg7 31. a3 h4 32. gxh4 Qxh4 33. Rh1 Qg5+ 34.
Kf2 Rh8 35. Rxh8 Kxh8 36. Qh1+ Kg7 37. Ng3 Nd4 38. Qh3 Qf4 39. Qd7+ Qf7 40. Qg4
Kf8 41. Qc8+ Kg7 42. Qg4 1/2-1/2

[Event "XLVII Festival A"]
[Site "Imperia ITA"]
[Date "2005.09.03"]
[Round "8"]
[White "Haba, Zdenek"]
[Black "Hodova, Lucie"]
[WhiteElo "2277"]
[BlackElo "2112"]
[Result "1/2-1/2"]
[PlyCount "67"]
[EventDate "2005.08.28"]

1. d4 Nf6 2. c4 c5 3. d5 e6 4. Nc3 exd5 5. cxd5 d6 6. e4 g6 7. f4 Bg7 8. Bb5+
Nfd7 9. a4 O-O 10. Nf3 Na6 11. O-O Nc7 12. Bc4 a6 13. Be3 Rb8 14. Qe2 b5 15.
axb5 Nxb5 16. Nxb5 axb5 17. Bxb5 Qb6 18. Bxd7 Bxd7 19. Rfb1 Bg4 20. h3 Bxf3 21.
Qxf3 Qb4 22. f5 Rfe8 23. fxg6 hxg6 24. Ra7 Rb7 25. Rxb7 Qxb7 26. Kh1 c4 27. Bd2
Qb3 28. Bc3 Bxc3 29. Qxc3 Rxe4 30. Qf6 Qd3 31. Rf1 Qxd5 32. Qd8+ Kg7 33. Qf6+
Kg8 34. Qd8+ 1/2-1/2

[Event "XLVII Festival A"]
[Site "Imperia ITA"]
[Date "2005.09.03"]
[Round "8"]
[White "Kalod, Radek"]
[Black "Arlandi, Ennio"]
[WhiteElo "2492"]
[BlackElo "2432"]
[Result "1/2-1/2"]
[PlyCount "75"]
[EventDate "2005.08.28"]

1. e4 c5 2. Nf3 e6 3. d4 cxd4 4. Nxd4 Nf6 5. Nc3 d6 6. g4 h6 7. h3 Nc6 8. Bg2
a6 9. Be3 Ne5 10. Qe2 g5 11. O-O-O Bd7 12. Nf3 Ng6 13. h4 Nxg4 14. hxg5 Nxe3
15. Qxe3 hxg5 16. Rxh8 Nxh8 17. e5 d5 18. Nxg5 Bh6 19. f4 Bxg5 20. fxg5 Qa5 21.
Bxd5 exd5 22. Rxd5 Qc7 23. Ne4 Be6 24. Qa3 Qe7 25. Nf6+ Kf8 26. Nh7+ Ke8 27.
Qa4+ b5 28. Rxb5 Kd8 29. Qd4+ Kc8 30. Qc3+ Kd8 31. Qa5+ Kc8 32. Qc3+ Kd8 33.
Rc5 Rc8 34. Qa5+ Ke8 35. Qa4+ Kd8 36. Qa5+ Ke8 37. Qa4+ Kd8 38. Qa5+ 1/2-1/2

[Event "XLVII Festival A"]
[Site "Imperia ITA"]
[Date "2005.09.03"]
[Round "8"]
[White "Kantorik, Marian"]
[Black "Lacrosse, Marc"]
[WhiteElo "2342"]
[BlackElo "2242"]
[Result "1-0"]
[PlyCount "64"]
[EventDate "2005.08.28"]

1. d4 d5 2. c4 e6 3. Nc3 Nf6 4. cxd5 exd5 5. Bg5 Be7 6. e3 Nbd7 7. Bd3 O-O 8.
Qc2 Re8 9. Nge2 Nf8 10. O-O-O Be6 11. Kb1 Rc8 12. Nf4 c6 13. h3 b5 14. g4 a6
15. Nce2 N6d7 16. Nxe6 fxe6 17. h4 c5 18. dxc5 Rxc5 19. Bxe7 Qxe7 20. Qd2 Ne5
21. g5 Rec8 22. Nd4 Nc4 23. Qe2 a5 24. e4 a4 25. exd5 Rxd5 26. Be4 Rdc5 27. Rc1
a3 28. b3 Re5 29. bxc4 Qb4+ 30. Nb3 bxc4 31. Bxh7+ Kxh7 32. Qxe5 Rb8 1-0

[Event "XLVII Festival A"]
[Site "Imperia ITA"]
[Date "2005.09.03"]
[Round "8"]
[White "Likavsky, Tomas"]
[Black "Dolezal, Radoslav jr"]
[WhiteElo "2493"]
[BlackElo "2390"]
[Result "1/2-1/2"]
[PlyCount "58"]
[EventDate "2005.08.28"]

1. Nf3 Nf6 2. c4 c5 3. d4 cxd4 4. Nxd4 b6 5. Nc3 Bb7 6. f3 d6 7. e4 Nbd7 8. Be3
a6 9. Be2 e6 10. O-O Be7 11. a4 O-O 12. a5 bxa5 13. Nb3 Rb8 14. Nxa5 Ba8 15.
Qd2 Qc7 16. Rfc1 Ne5 17. Na4 Nc6 18. Nxc6 Bxc6 19. b4 Nd7 20. c5 dxc5 21. Nxc5
Nxc5 22. bxc5 Bb5 23. Bxb5 Rxb5 24. c6 a5 25. Qd7 Qxd7 26. cxd7 Rb7 27. Rd1 Rd8
28. Rxa5 Rbxd7 29. Rxd7 Rxd7 1/2-1/2

[Event "XLVII Festival A"]
[Site "Imperia ITA"]
[Date "2005.09.03"]
[Round "8"]
[White "Mercandelli, Claudio"]
[Black "Spirek, Adam"]
[WhiteElo "2105"]
[BlackElo "2050"]
[Result "0-1"]
[PlyCount "84"]
[EventDate "2005.08.28"]

1. c4 e5 2. g3 f5 3. Bg2 Nf6 4. Nc3 Nc6 5. d3 Bc5 6. e3 O-O 7. Nge2 d6 8. O-O
a5 9. a3 Kh8 10. Rb1 Ba7 11. b4 Qe8 12. Nb5 Bb8 13. Nec3 Nd8 14. c5 axb4 15.
axb4 Bd7 16. Na3 Bc6 17. f4 Bxg2 18. Kxg2 dxc5 19. b5 exf4 20. exf4 c6 21. Nc4
cxb5 22. Nxb5 Ra2+ 23. Rf2 Qc6+ 24. Qf3 Rxf2+ 25. Kxf2 Ng4+ 26. Kg2 Qxf3+ 27.
Kxf3 Nxh2+ 28. Kg2 Ng4 29. Ba3 Ne6 30. d4 Rd8 31. dxc5 g5 32. Nbd6 Kg8 33. fxg5
Bxd6 34. cxd6 Rc8 35. Ne5 Rc2+ 36. Kg1 Nxe5 37. Rxb7 Nf3+ 38. Kf1 Rd2 39. d7
Nfxg5 40. Be7 Nf7 41. Ke1 Rd4 42. Bf6 Nfd8 0-1

[Event "XLVII Festival A"]
[Site "Imperia ITA"]
[Date "2005.09.03"]
[Round "8"]
[White "Payen, Arnaud"]
[Black "Banas, Jan"]
[WhiteElo "2417"]
[BlackElo "2367"]
[Result "1/2-1/2"]
[PlyCount "21"]
[EventDate "2005.08.28"]

1. d4 Nf6 2. Nf3 g6 3. Bf4 Bg7 4. e3 d6 5. Be2 O-O 6. O-O Nbd7 7. h3 c5 8. c3
b6 9. Nbd2 Qc7 10. a4 a6 11. Qb1 1/2-1/2

[Event "XLVII Festival A"]
[Site "Imperia ITA"]
[Date "2005.09.03"]
[Round "8"]
[White "Sarmir, Milos"]
[Black "Mueller, Ralf"]
[WhiteElo "2154"]
[BlackElo "2342"]
[Result "0-1"]
[PlyCount "74"]
[EventDate "2005.08.28"]

1. e4 c5 2. Nf3 d6 3. d4 cxd4 4. Nxd4 Nf6 5. Nc3 a6 6. a4 e5 7. Nf3 Be7 8. Bd3
Nbd7 9. Qe2 O-O 10. O-O h6 11. Be3 Re8 12. Rad1 Bf8 13. Bc4 Nb6 14. Bb3 Be6 15.
Bxe6 Rxe6 16. Nh4 g6 17. g3 Nbd7 18. Qd3 Rc8 19. Rd2 Qa5 20. f4 exf4 21. gxf4
Qh5 22. Nf3 Rce8 23. f5 gxf5 24. Rg2+ Kh7 25. Nd4 Ne5 26. Qd2 Nxe4 27. Nxe4
fxe4 28. Rf5 Qxf5 29. Nxf5 Nf3+ 30. Kh1 Nxd2 31. Rxd2 Rf6 32. Ng3 Rf3 33. Bb6
Re6 34. a5 f5 35. Kg2 Rg6 36. Kh1 f4 37. Ne2 Rf1+ 0-1

[Event "XLVII Festival A"]
[Site "Imperia ITA"]
[Date "2005.09.03"]
[Round "8"]
[White "Schwanengel, Ulrich"]
[Black "De Marco, Walter"]
[WhiteElo "2097"]
[BlackElo "2055"]
[Result "1/2-1/2"]
[PlyCount "72"]
[EventDate "2005.08.28"]

1. e4 g6 2. d4 Bg7 3. Be3 d6 4. Nc3 c6 5. Qd2 Nf6 6. Bh6 Bxh6 7. Qxh6 Qa5 8.
Bd3 Qb6 9. O-O-O Qxd4 10. Nb5 Qb6 11. Nxd6+ exd6 12. Qg7 Rg8 13. Qxf6 Be6 14.
Ne2 Nd7 15. Qd4 Qxd4 16. Nxd4 O-O-O 17. Nxe6 fxe6 18. Rhe1 Rge8 19. f4 Nc5 20.
Bf1 Kc7 21. g3 d5 22. e5 Re7 23. Bg2 Rf7 24. Bh3 Re7 25. Re3 Ne4 26. Re2 h6 27.
Bg2 Nc5 28. Rf1 b5 29. Kd2 Na4 30. b3 Nb6 31. g4 d4 32. Be4 Rg8 33. Rf3 c5 34.
Rh3 Rf7 35. Rf2 Nd7 36. Ke2 Rgf8 1/2-1/2